000 00379nam a2200157Ia 4500
008 231221s9999 xx 000 0 und d
041 _aEnglish
082 _a001.6424XML WIL:1 R
100 _aWilliamson, Heather
245 0 _aXML: the complete reference
260 _c2001
_bT M H
_aNew Delhi
300 _axxvi+965
300 _cSE3440
650 _aXML:
942 _cCD
999 _c203146
_d203146